Statistics for Top 15 Longest Completed U.S. Interstate Highways

Click here to take the quiz!

General Stats

  • This quiz has been taken 867 times
  • The average score is 13 of 15

Answer Stats

HintAnswer% Correct
1,381.29 milesI-5
95%
3,101.77 milesI-90
95%
2,460.34 milesI-10
94%
2,899.54 milesI-80
94%
1,925.74 milesI-95
94%
2,555.1 milesI-40
93%
2,153.13 milesI-70
90%
1,433.52 milesI-15
89%
1,539.38 milesI-20
87%
1,786.47 milesI-75
86%
1,568.38 milesI-35
85%
1,062.77 milesI-25
83%
964.25 milesI-55
81%
1,585.2 milesI-94
60%
953.74 milesI-64
46%

Score Distribution

Percentile by Number Answered

Percent of People with Each Score

Your Score History

You have not taken this quiz